| 000 | 00982nam a22003497a 4500 | ||
|---|---|---|---|
| 001 | 001944217 | ||
| 003 | DO-SdBNP | ||
| 005 | 20230317130346.0 | ||
| 007 | 001944217 | ||
| 008 | 040524s 1999 sp | ||| ||spa | ||
| 017 |
_a _b |
||
| 020 | _a8432303852 | ||
| 035 | _a | ||
| 040 |
_aBPMSU _bspa _cBPMSU _e |
||
| 080 | 0 | _a | |
| 080 | 0 | _a | |
| 082 | 4 |
_a330.98 _bG152v 1999 _222 |
|
| 100 | 1 |
_aGaleano, Eduardo, _d1940-2015 |
|
| 245 | 1 | 4 |
_aLas venas abiertas de América Latina / _cEduardo Galeano. _h |
| 250 | _a15a. ed. | ||
| 260 |
_aMadrid : _bSiglo XXI de España, _c1999. |
||
| 300 |
_a486 p. ; _c21 cm. |
||
| 490 | 0 | _aBiblioteca Eduardo Galeano | |
| 500 | _aIncluye índice | ||
| 590 | _6Inventariado, 2023/VM | ||
| 651 | 4 |
_aAmérica Latina _xCondiciones económicas |
|
| 651 | 4 |
_aAmérica Latina _xcodiciones sociales _2 |
|
| 651 | 4 |
_aAmérica Latina _xHistoria |
|
| 856 | 4 | 1 | _u |
| 910 | _aVMateo V. Control de calidad (BPMSU) | ||
| 942 |
_2ddc _cBK |
||
| 999 |
_c9105 _d9105 |
||